| 000 | 00509nam a2200157 4500 | ||
|---|---|---|---|
| 999 |
_c7519 _d7519 |
||
| 008 | 170929b xxu||||| |||| 00| 0 eng d | ||
| 022 | _a01181831 | ||
| 082 | _aDPer 613.05 H34 Jul-Nov 2013 | ||
| 100 |
_922801 _aDy, Adrienne. |
||
| 245 |
_aPlate police: _bmanage your health by micromanaging your meals/ _cAdrienne Dy. |
||
| 260 |
_aPhilippines: _bMIMS Pte Ltd KDN, _c©2013. |
||
| 300 |
_apages 50-52: _billustrations; _c28 cm. |
||
| 500 | _aHealth today. | ||
| 650 | 0 |
_922802 _aDiet. |
|
| 942 |
_2ddc _cPER |
||